<?xml version="1.0" encoding="UTF-8"?><?xml-stylesheet type="text/xsl" href="static/style.xsl"?><OAI-PMH xmlns="http://www.openarchives.org/OAI/2.0/" xmlns:xsi="http://www.w3.org/2001/XMLSchema-instance" xsi:schemaLocation="http://www.openarchives.org/OAI/2.0/ http://www.openarchives.org/OAI/2.0/OAI-PMH.xsd"><responseDate>2026-04-14T06:51:32Z</responseDate><request verb="GetRecord" identifier="oai:www.recercat.cat:20.500.12327/2989" metadataPrefix="marc">https://recercat.cat/oai/request</request><GetRecord><record><header><identifier>oai:recercat.cat:20.500.12327/2989</identifier><datestamp>2025-10-22T11:30:25Z</datestamp><setSpec>com_2072_4428</setSpec><setSpec>com_2072_4427</setSpec><setSpec>col_2072_487898</setSpec></header><metadata><record xmlns="http://www.loc.gov/MARC21/slim" xmlns:dcterms="http://purl.org/dc/terms/" xmlns:xsi="http://www.w3.org/2001/XMLSchema-instance" xmlns:doc="http://www.lyncode.com/xoai" xsi:schemaLocation="http://www.loc.gov/MARC21/slim http://www.loc.gov/standards/marcxml/schema/MARC21slim.xsd">
   <leader>00925njm 22002777a 4500</leader>
   <datafield ind2=" " ind1=" " tag="042">
      <subfield code="a">dc</subfield>
   </datafield>
   <datafield ind2=" " ind1=" " tag="720">
      <subfield code="a">Chauvigné, François</subfield>
      <subfield code="e">author</subfield>
   </datafield>
   <datafield ind2=" " ind1=" " tag="720">
      <subfield code="a">Lubzens, Esther</subfield>
      <subfield code="e">author</subfield>
   </datafield>
   <datafield ind2=" " ind1=" " tag="720">
      <subfield code="a">Cerdà, Joan</subfield>
      <subfield code="e">author</subfield>
   </datafield>
   <datafield ind2=" " ind1=" " tag="260">
      <subfield code="c">2011-04-08</subfield>
   </datafield>
   <datafield ind2=" " ind1=" " tag="520">
      <subfield code="a">Background: Increasing cell membrane permeability to water and cryoprotectants is critical for the successful&#xd;
cryopreservation of cells with large volumes. Artificial expression of water-selective aquaporins or aquaglyceroporins&#xd;
(GLPs), such as mammalian aquaporin-3 (AQP3), enhances cell permeability to water and cryoprotectants, but it is&#xd;
known that AQP3-mediated water and solute permeation is limited and pH dependent. To exploit further the&#xd;
possibilities of using aquaporins in cryobiology, we investigated the functional properties of zebrafish (Danio rerio) GLPs.&#xd;
Results: Water, glycerol, propylene glycol and ethylene glycol permeability of zebrafish Aqp3a, -3b, -7, -9a, -9b,&#xd;
-10a and -10b, and human AQP3, was examined. Expression in Xenopus laevis oocytes indicated that the&#xd;
permeability of DrAqp3a and -3b to ethylene glycol was higher than for glycerol or propylene glycol under&#xd;
isotonic conditions, unlike other zebrafish GLPs and human AQP3, which were more permeable to glycerol. In&#xd;
addition, dose-response experiments and radiolabeled ethylene glycol uptake assays suggested that oocytes&#xd;
expressing DrAqp3b were permeated by this cryoprotectant more efficiently than those expressing AQP3. Water&#xd;
and ethylene glycol transport through DrAqp3a and -3b were, however, highest at pH 8.5 and completely&#xd;
abolished at pH 6.0. Point mutations in the DrAqp3b amino acid sequence rendered two constructs, DrAqp3bT85A showing higher water and ethylene glycol permeability at neutral and alkaline pH, and DrAqp3b-H53A/G54H/&#xd;
T85A, no longer inhibited at acidic pH but less permeable than the wild type. Finally, calculation of permeability&#xd;
coefficients for ethylene glycol under concentration gradients confirmed that the two DrAqp3b mutants were&#xd;
more permeable than wild-type DrAqp3b and/or AQP3 at neutral pH, resulting in a 2.6- to 4-fold increase in the&#xd;
oocyte intracellular concentration of ethylene glycol.&#xd;
Conclusion: By single or triple point mutations in the DrAqp3b amino acid sequence, we constructed one mutant&#xd;
with enhanced ethylene glycol permeability and another with reduced pH sensitivity. The DrAqp3b and the two&#xd;
mutant constructs may be useful for application in cryobiology.</subfield>
   </datafield>
   <datafield ind1="8" ind2=" " tag="024">
      <subfield code="a">Chauvigné, François, Esther Lubzens, and Joan J. Cerdà. 2011. “Design and Characterization of Genetically Engineered Zebrafish Aquaporin-3 Mutants Highly Permeable to the Cryoprotectant Ethylene Glycol.” BMC Biotechnology 11 (1): 34. doi: 10.1186/1472-6750-11-34</subfield>
   </datafield>
   <datafield ind1="8" ind2=" " tag="024">
      <subfield code="a">1472-6750</subfield>
   </datafield>
   <datafield ind1="8" ind2=" " tag="024">
      <subfield code="a">http://hdl.handle.net/20.500.12327/2989</subfield>
   </datafield>
   <datafield ind1="8" ind2=" " tag="024">
      <subfield code="a">https://doi.org/10.1186/1472-6750-11-34</subfield>
   </datafield>
   <datafield ind2="0" ind1="0" tag="245">
      <subfield code="a">Design and characterization of genetically engineered zebrafish aquaporin-3 mutants highly permeable to the cryoprotectant ethylene glycol</subfield>
   </datafield>
</record></metadata></record></GetRecord></OAI-PMH>